|
|
|
|
| LEADER |
00000cam a22000002c 4500 |
| 001 |
1866157817 |
| 003 |
DE-627 |
| 005 |
20250116054854.0 |
| 007 |
cr uuu---uuuuu |
| 008 |
231018s2015 xx |||||o 00| ||eng c |
| 035 |
|
|
|a (DE-627)1866157817
|
| 035 |
|
|
|a (DE-599)KXP1866157817
|
| 040 |
|
|
|a DE-627
|b ger
|c DE-627
|e rda
|
| 041 |
|
|
|a eng
|
| 084 |
|
|
|a 2,1
|2 ssgn
|
| 100 |
1 |
|
|a ADEBAYO, IBIDAPO NATHANIEL
|e VerfasserIn
|4 aut
|
| 245 |
1 |
4 |
|a The Menace of Boko Haram in Hospitality Patronage in Nigeria And its Effect on Health and Healthcare
|
| 264 |
|
1 |
|c 2015
|
| 336 |
|
|
|a Text
|b txt
|2 rdacontent
|
| 337 |
|
|
|a Computermedien
|b c
|2 rdamedia
|
| 338 |
|
|
|a Online-Ressource
|b cr
|2 rdacarrier
|
| 520 |
|
|
|a It has been observed that most hospitality industry is not having up to 40% occupancy in their business. This has prompted the research topic: The Effect of “Boko Haram” on the Development of Tourism Industry (A Case Study of Jos Metropolitan Council of Plateau State, Nigeria). A total of 140 copies of questionnaire were distributed and only 130 were returned. Simple percentage was use in the analysis of the data. It was concluded that there are negative effects on the hotel patronage because of insecurity. Tourists that were able to still make it were not able to access healthcare in the immediate vicinity. We then recommended that the state government in collaboration with the owners of hospitality industries should ensure proper security training for the security personnel. All effort should be made to cater for the health of the displaced people. Keywords: Tourism, Boko Haram, Insecurity, Hospitality Industr
|
| 700 |
1 |
|
|a ADEBAYO, KAYODE JULIUS
|e VerfasserIn
|4 aut
|
| 856 |
4 |
0 |
|u https://core.ac.uk/download/234682346.pdf
|x Verlag
|z kostenfrei
|3 Volltext
|7 0
|
| 935 |
|
|
|a mkri
|
| 951 |
|
|
|a BO
|
| ELC |
|
|
|a 1
|
| LOK |
|
|
|0 000 xxxxxcx a22 zn 4500
|
| LOK |
|
|
|0 001 4391838575
|
| LOK |
|
|
|0 003 DE-627
|
| LOK |
|
|
|0 004 1866157817
|
| LOK |
|
|
|0 005 20231018043726
|
| LOK |
|
|
|0 008 231018||||||||||||||||ger|||||||
|
| LOK |
|
|
|0 035
|a (DE-2619)CORE71248547
|
| LOK |
|
|
|0 040
|a DE-2619
|c DE-627
|d DE-2619
|
| LOK |
|
|
|0 092
|o n
|
| LOK |
|
|
|0 852
|a DE-2619
|
| LOK |
|
|
|0 852 1
|9 00
|
| LOK |
|
|
|0 935
|a core
|
| LOK |
|
|
|0 939
|a 18-10-23
|b l01
|
| OAS |
|
|
|a 1
|
| ORI |
|
|
|a SA-MARC-krimdoka001.raw
|